[Event "LAT-ch"]
[Site "Riga"]
[Date "2023.04.30"]
[Round "3"]
[White "Mikelsons, Mikelis Emils"]
[Black "Gobleja, Karlis"]
[Result "0-1"]
[WhiteElo "1872"]
[BlackElo "1918"]
[PlyCount "89"]
[EventDate "2023.04.29"]
[EventType "swiss"]
[EventRounds "9"]
[EventCountry "LAT"]
[SourceTitle "EXT 2024"]
[Source "ChessBase"]
[SourceDate "2023.10.10"]
[SourceVersion "1"]
[SourceVersionDate "2023.10.10"]
[SourceQuality "1"]

1. d4 Nf6 2. c4 g6 3. Nc3 Bg7 4. e4 d6 5. Be2 0-0 6. Nf3 e5 7. dxe5 dxe5 8. Qxd8 Rxd8 9. Bg5 Rf8 10. Nd5 Nxd5 11. cxd5 c6 12. Bc4 b5 13. Bb3 a5 14. a3 a4 15. Ba2 Bb7 16. Rd1 h6 17. Be3 Nd7 18. dxc6 Bxc6 19. Rd6 Rac8 20. 0-0 Nf6 21. Nxe5 Bxe4 22. Bxh6 Bxh6 23. Rxf6 Kg7 24. Rb6 Bf4 25. Rxb5 Rfe8 26. Ng4 Bd3 27. Rb7 Rc7 28. Rxc7 Bxc7 29. Rc1 Bf4 30. Ne3 Rxe3 31. g3 Bh6 32. fxe3 Bxe3+ 33. Kg2 Bxc1 34. b3 axb3 35. Bxb3 Bxa3 36. h4 Be4+ 37. Kh3 Bd6 38. g4 Bc6 39. Bc4 Bd7 40. Be2 Bb4 41. Kg2 Kf6 42. g5+ Kf5 43. Bc4 Be6 44. Be2 Be1 45. h5 0-1

[Event "Riga Tech Rapid op"]
[Site "Riga"]
[Date "2022.08.14"]
[Round "2"]
[White "Gobleja, Karlis"]
[Black "Loy, Konstantin"]
[Result "1/2-1/2"]
[WhiteElo "1930"]
[BlackElo "2268"]
[PlyCount "134"]
[EventDate "2022.08.14"]
[EventType "swiss (rapid)"]
[EventRounds "9"]
[EventCountry "LAT"]
[SourceTitle "CBM 209 Extra"]
[Source "ChessBase"]
[SourceDate "2022.09.30"]
[SourceVersion "1"]
[SourceVersionDate "2022.09.30"]
[SourceQuality "1"]

1. e4 c5 2. Nf3 d6 3. d4 cxd4 4. Nxd4 Nf6 5. Nc3 g6 6. f3 Bg7 7. Be3 0-0 8. Qd2 Nc6 9. 0-0-0 Bd7 10. h4 Rc8 11. Nxc6 Bxc6 12. Bh6 Qa5 13. Kb1 Ba4 14. Bd3 Bxh6 15. Qxh6 Rxc3 16. bxc3 Rc8 17. h5 Qxc3 18. Qd2 Nxh5 19. g4 Qxd2 20. Rxd2 Nf6 21. g5 Nh5 22. Rg1 Rc5 23. Rg4 Bd7 24. Rg1 Be6 25. Kb2 Ra5 26. a3 Nf4 27. Bf1 Kg7 28. Rh2 Nh5 29. Bh3 Rb5+ 30. Kc1 Bxh3 31. Rxh3 Ra5 32. Kb2 f6 33. gxf6+ Kxf6 34. Kb3 Rb5+ 35. Kc4 Rc5+ 36. Kb3 b5 37. Rh4 a5 38. c3 Rc4 39. Rd1 a4+ 40. Kc2 Rc5 41. f4 Kg7 42. Rg1 Nf6 43. Kd3 Rh5 44. Rxh5 Nxh5 45. Ke3 Nf6 46. Rb1 d5 47. e5 Ne4 48. Rxb5 Nxc3 49. Rc5 Nb1 50. Rxd5 Nxa3 51. Kd3 h5 52. Ra5 h4 53. Rxa4 Nb5 54. Ra1 Kh6 55. Ke4 Kh5 56. Kd5 Kg4 57. Rf1 Nc7+ 58. Kc6 Ne6 59. Kd7 Nxf4 60. Kxe7 h3 61. e6 h2 62. Kf7 Nxe6 63. Kxe6 g5 64. Kf6 Kh4 65. Rh1 Kg3 66. Kxg5 Kg2 67. Rxh2+ Kxh2 1/2-1/2